00489nam a22001817a 450000500170000001000130001702000220003003500130005203700160006504000120008108200110009324500770010426000250018130000280020665000230023465000320025770000180028920170124110125.0 aA-232738 c00.00a0600366774 aA-232738 bCen Lib/Ret aDPLbEN aSbEXC aExciting stories of fantasy and the future /cillustrated by Oliver Frey aLondonbHamlync1982 a256p. :c21cm(Hb)bill. aChildren's stories aChildren's stories, English aFrey, Oliver